Bilecik Bilecik Bilecik Bilecik Bilecik

Metal ana sanayii yapısı ve verimlilik göstergeleri = (Record no. 18018)

MARC details
000 -BAŞLIK
Sabit Uzunluktaki Kontrol Alanı 01313nam a22003497a 4500
001 - KONTROL NUMARASI
Control Dosyası 0018061
003 - KONTROL NUMARASI KİMLİĞİ
Kontrol Alanı KOHA_MİRAKIL
005 - EN SON İŞLEM TARİHİ ve ZAMANI
Kontrol Alanı 20260207002202.0
007 - FİZİKSEL TANIM SABİT ALAN - GENEL BİLGİ
Sabit uzunluklu kontrol alanı ta
008 - SABİT UZUNLUKTAKİ VERİ ÖGELERİ - GENEL BİLGİ
Sabit Alan 100621b1996 tu a|||gr||||#||||0|tur |
020 ## - ISBN - ULUSLARARASI STANDART KİTAP NUMARASI
Isbn 9754402493
040 ## - KATALOGLAMA KAYNAĞI
Özgün Kataloglama Kurumu TR-BiSEU
Kataloglama Dili tur
Çeviri Kurumu TR-BiSEU
Açıklama Kuralları rda
041 0# - DİL KODU
Metin ya da ses kaydının dil kodu tur
044 ## - YAYINLAYAN/ÜRETEN KURULUŞUN ÜLKE KODU
ISO country code tu
050 ## - SINIFLAMA ve YER NUMARASI
Sınıflama Numarası HD9506
Yer Numarası .K57 1996
100 1# - KİŞİ ADI
Yazar Adı (Kişi adı) Kısaer, Hülya.
240 10 - TEK BİÇİM BAŞLIK
Tekbiçim Başlık <a href="basic metal industries and productivity indicators (1990 - 1993)">basic metal industries and productivity indicators (1990 - 1993)</a>
Language of a work Türkçe
245 1# - ESER ADI BİLDİRİMİ
Başlık Metal ana sanayii yapısı ve verimlilik göstergeleri =
Alt Eseradı vb. basic metal industries and productivity indicators (1990 - 1993)/
Sorumluluk Bildirimi Hülya Kısaer ; Hülya Kısaer.
264 #1 - ÜRERİM, YAYIN, DAĞITIM ve TELİF BİLDİRİMİ
Yayın yeri Ankara :
Yayınlayan Milli Prodüktivite Merkezi
Yayın tarihi 1996
300 ## - FİZİKSEL TANIMLAMA
Sayfa, Cilt vb. 157 sayfa :
Diğer fiziki detaylar res. tbl. ;
Boyutları 25 cm.
336 ## - İÇERİK TÜRÜ
Content type term metin
Content type code txt
Source rdacontent
337 ## - MEDYA TÜRÜ
Media type term aracısız
Media type code n
Source rdamedia
338 ## - TAŞIYICI TÜRÜ
Carrier type term cilt
Carrier type code nc
Source rdacarrier
490 1# - DİZİ BİLDİRİMİ
Dizi Bildirimi Milli Prodüktivite Merkezi yayınları ;
Cilt Numarası no: 592.
490 1# - DİZİ BİLDİRİMİ
Dizi Bildirimi Verimlilik göstergeleri dizisi ;
Cilt Numarası 37-5.
500 ## - GENEL NOT
Genel Not Kaynakça var.
650 #0 - KONU BAŞLIĞI EK GİRİŞ - KONU TERİMİ
Konusal terim veya coğrafi ad Metal trade--Turkey--Statistics.
9 (RLIN) 41897
650 #0 - KONU BAŞLIĞI EK GİRİŞ - KONU TERİMİ
Konusal terim veya coğrafi ad Metal ticareti--Türkiye--İstatistikler.
9 (RLIN) 41901
830 1# - SERİ EK GİRİŞİ - TEKBİÇİM ESER ADI
Tekbiçim Başlık Milli Prodüktivite Merkezi yayınları ;
Volume number/sequential designation no: 592.
9 (RLIN) 6187
830 1# - SERİ EK GİRİŞİ - TEKBİÇİM ESER ADI
Tekbiçim Başlık Verimlilik göstergeleri dizisi ;
Volume number/sequential designation 37-5.
9 (RLIN) 12632
942 ## - EK GİRİŞ ÖGELERİ (KOHA)
Source of classification or shelving scheme Library of Congress Classification
Koha item type Book
Holdings
Materyal Türü Kalıcı Konum Mevcut Konum Sınıflandırma Kaynağı Edinim Bilgisi Ana Konular Alt Konular Yer Numarası Demirbaş Numarası Fatura Tarihi Geri Çekilme Durumu Kayıp Durumu Hasarlı Durumu Kredi için değil Kayıt Tarih Toplam Ödünçverme Son Görülme Tarihi Son Kontrol Tarihi Genel / Bağış Notu
Book BŞEÜ Gölpazarı MYO Kütüphanesi BŞEÜ Gölpazarı MYO Kütüphanesi Library of Congress Classification Bağış SOSYAL BİLİMLER Endüstriler, Arazi Kullanımı, İşgücü HD9506 .K57 1996 0018061 02/02/2026         21/06/2010   05/12/2024 05/12/2024 Genel Bağış